Ultimate Geography Challenge 'S' Quiz Stats

 Plays Quiz Updated Jul 2, 2018

Challenge
Share
Tweet
Embed
Score 0/51 Timer 08:00
37 Plays Today
% Correct
South Dakota
94%
South Carolina
93.3%
Sweden
91.1%
Switzerland
87.4%
Sudan
87.1%
South Korea
86.2%
Spain
85.7%
South Africa
83.9%
South Sudan
83.4%
Slovakia
81.5%
Slovenia
80.7%
Syria
79.2%
Sacramento
78.4%
Suriname
77.8%
Somalia
76.9%
Senegal
75.1%
Saint Kitts and Nevis
74.9%
Serbia
74.9%
Singapore
74.4%
Singapore
74.4%
Saint Lucia
74.1%
San Marino
73.7%
San Marino
73.7%
Seychelles
71.7%
Sri Lanka
71%
Saint Vincent and the Grenadines
70.1%
% Correct
Saudi Arabia
69.8%
Stockholm
65%
Samoa
64.3%
São Tomé
63.8%
Sierra Leone
61.2%
Salem
60.5%
Solomon Islands
60.1%
Santiago
59.9%
São Tomé and Príncipe
59.7%
San Salvador
58.4%
Springfield
55.3%
Saint Paul
55%
Santa Fe
54.4%
Seoul
53.9%
Salt Lake City
51.2%
San Jose
50%
Sarajevo
49.2%
Santo Domingo
45.8%
Sana'a
42.5%
Sofia
41.5%
St. John's
39.7%
Suva
39.6%
St. George's
37.5%
Skopje
34.3%
Sri Jayawardenapura Kotte
22.4%

You're not logged in!

Compare scores with friends on all Sporcle quizzes.
OR
Log In

You Might Also Like...

Show Comments

Extras

Top Quizzes Today


Score Distribution

Your Account Isn't Verified!

In order to create a playlist on Sporcle, you need to verify the email address you used during registration. Go to your Sporcle Settings to finish the process.

Report this User

Report this user for behavior that violates our Community Guidelines.

Details: